000 00424nam a2200169Ia 4500
003 LK-CoDNM
008 010623t2011 xxu||||| |||| 00| 1 sin d
040 _aLK-CoDNM
_dLK-CoDNM
_eLK-CoDNM
041 _asin
080 _a294.3 PIY
100 _aPiyadhamma himi,Karandeniya
245 _aනිවනට ඉණිමඟ
246 _aNiwanata Inimaga
260 _bS.n.
_aS.I
_c2011
300 _b96, 21 cm
942 _cBK
999 _c131185
_d131185